Epos o Gilgamešovi

Bibliographic Details
Other Authors: Matouš, Lubor, 1908-1984 (Translator), Roterová, Romana (Illustrator)
Format: Book
Language:Czech
Multiple languages
PhysicalDescription:125 s.
Published: Praha Mladá fronta 1971
ISBN:9788074225994
Edition:1. vyd.
Subjects:

MARC

LEADER 00000nam a2200000 a 4500
001 vtls001264053
003 SK-MaSNL
005 20260301064401.0
008 210928s1971 xr 0 cze
020 |a 9788074225994 
035 |a SNK000214967 
040 |a SNK  |b slo  |c SNK  |e AACR2 
041 1 |a cze  |h mul 
044 |a xr  |c CZ 
080 |a 892.119-1=854  |2 1981 
245 1 |a Epos o Gilgamešovi  |c přeložil Lubor Matouš ; ilustrovala Romana Roterová 
250 |a 1. vyd. 
260 |a Praha  |b Mladá fronta  |c 1971 
300 |a 125 s. 
655 7 |a starobabylonské eposy  |2 SNKPH  |9 286062 
700 1 |a Matouš, Lubor,  |d 1908-1984  |4 trl  |9 63443 
700 1 |a Roterová, Romana  |4 ill  |9 381613 
919 |a 978-80-7422-599-4 
999 |c 626639  |d 628569 
952 |t P60, <05>, [BOOK], {605}  |a SNK  |b SNK  |y PREZ  |7 0  |p 17A0015391  |o snkIC 48729 D1  |0 0  |1 1  |4 0  |d 1996-10-22  |l 0  |r 2005-01-01 00:00:00  |w 2026-02-23 
952 |t P60, <05>, [BOOK], {605}  |a SNK  |b SNK  |y PREZ  |7 0  |p 17A0101970  |o snkIC 48729  |0 0  |1 0  |4 0  |d 1997-10-06  |l 0  |r 2005-01-01 00:00:00  |w 2026-02-23